Google - ¿Cuál es la diferencia? - Estadísticas

Estadísticas generales
  • Esta prueba ha sido intentada 4.628 veces
  • La puntuación promedio es 16 de 27
Estadísticas de respuestas
¿Cuál es la diferencia entre... % Correcto
un caimán y un {cocodrilo}?
90%
un sofá y un {sillón}?
83%
perfume y {colonia}?
82%
un búho y una {lechuza}?
81%
VIH y {SIDA}?
81%
clima y {tiempo}?
75%
hispano y {latino}?
73%
un rombo y un {cuadrado}?
73%
una Tiara y una {corona}?
72%
una peca y un {lunar}?
70%
ética y {moral}?
67%
TNT y {dinamita}?
65%
una selva y una {jungla}?
64%
un barco y un {buque}?
64%
una serpiente y una {víbora}?
61%
cemento y {concreto}?
55%
un quiz y un {test}?
54%
un mago y un {brujo}?
50%
un ninja y un {samurái}?
50%
una visa y un {pasaporte}?
45%
alma y {espíritu}?
44%
manga y {anime}?
43%
un asteroide y un {cometa}?
42%
un ácido y una {base}?
40%
chiita y {sunitas}?
35%
una símil y una {metafora}?
29%
una serie y una {novela}?
23%
No se encontraron pruebas coincidentes
Distribución de puntuación
Porcentaje de gente con cada puntuación
Porcentaje por número respondido
Historial de tus puntuaciones
No has intentado esta prueba.